Statistics for Most Capped Football Players by Country

Click here to take the quiz!

General Stats

  • This quiz has been taken 19 times
  • The average score is 15 of 38

Answer Stats

CountryPlayer% Correct
ArgentinaLionel Messi
100%
CroatiaLuka Modrić
94%
PortugalCristiano Ronaldo
88%
Bosnia and HerzegovinaEdin Džeko
88%
ChileAlexis Sánchez
81%
PolandRobert Lewandowski
81%
CameroonSamuel Eto'o
81%
ItalyGianluigi Buffon
75%
FranceHugo Lloris
63%
Czech RepublicPetr Čech
63%
IrelandRobbie Keane
63%
BrazilCafu
50%
WalesGareth Bale
50%
BelgiumJan Vertonghen
50%
AustraliaMark Schwarzer
50%
ColombiaDavid Ospina
44%
North MacedoniaGoran Pandev
44%
SpainSergio Ramos
44%
UruguayDiego Godín
38%
GermanyLothar Matthäus
38%
EnglandPeter Shilton
38%
DenmarkSimon Kjær
38%
AustriaMarko Arnautović
25%
ScotlandKenny Dalglish
19%
BulgariaStiliyan Petrov
19%
NigeriaAhmed Musa
13%
SwitzerlandGranit Xhaka
13%
UkraineAnatoliy Tymoshchuk
6%
MexicoAndrés Guardado
6%
United StatesCobi Jones
6%
SenegalIdrissa Gueye
6%
TurkeyRüştü Reçber
6%
NetherlandsWesley Sneijder
6%
HungaryBalázs Dzsudzsák
0%
RomaniaDorinel Munteanu
0%
SerbiaDušan Tadić
0%
EcuadorIván Hurtado
0%
SwedenThomas Ravelli / Anders Svensson
0%

Score Distribution

Percentile by Number Answered

Percent of People with Each Score

Your Score History

You have not taken this quiz